|
|
|
|
| LEADER |
01573nam a2200409Ia 4500 |
| 001 |
EBC366704 |
| 003 |
MiAaPQ |
| 005 |
20200520144314.0 |
| 006 |
m o d | |
| 007 |
cr cn||||||||| |
| 008 |
080212s2008 enka sb 001 0 eng d |
| 010 |
|
|
|z 2008006547
|
| 020 |
|
|
|z 9781843105275
|
| 020 |
|
|
|z 1843105276
|
| 035 |
|
|
|a (MiAaPQ)EBC366704
|
| 035 |
|
|
|a (Au-PeEL)EBL366704
|
| 035 |
|
|
|a (CaPaEBR)ebr10251496
|
| 035 |
|
|
|a (CaONFJC)MIL421695
|
| 035 |
|
|
|a (OCoLC)437234337
|
| 040 |
|
|
|a MiAaPQ
|c MiAaPQ
|d MiAaPQ
|
| 050 |
|
4 |
|a HD4645.A5
|b P83 2008
|
| 245 |
0 |
0 |
|a Public services inspection in the UK
|h [electronic resource] /
|c edited by Howard Davis and Steve Martin.
|
| 260 |
|
|
|a London ;
|a Philadelphia :
|b Jessica Kingsley Publishers,
|c 2008.
|
| 300 |
|
|
|a 160 p. :
|b ill.
|
| 490 |
1 |
|
|a Research highlights in social work ;
|v 50
|
| 504 |
|
|
|a Includes bibliographical references and indexes.
|
| 533 |
|
|
|a Electronic reproduction. Ann Arbor, MI : ProQuest, 2015. Available via World Wide Web. Access may be limited to ProQuest affiliated libraries.
|
| 650 |
|
0 |
|a Municipal services
|z Great Britain
|x Evaluation.
|
| 650 |
|
0 |
|a County services
|z Great Britain
|x Evaluation.
|
| 650 |
|
0 |
|a Inspection
|z Great Britain.
|
| 650 |
|
0 |
|a Local government
|z Great Britain.
|
| 655 |
|
4 |
|a Electronic books.
|
| 700 |
1 |
|
|a Davis, Howard,
|d 1953-
|
| 700 |
1 |
|
|a Martin, Steve,
|d 1960-
|
| 710 |
2 |
|
|a ProQuest (Firm)
|
| 830 |
|
0 |
|a Research highlights in social work ;
|v 50.
|
| 856 |
4 |
0 |
|u https://ebookcentral.proquest.com/lib/matrademy/detail.action?docID=366704
|z Click to View
|